000 00710nam a2200229 u 4500
005 20240228063907.0
008 071009s2006 es r 000 0 spa d
020 _a8498011701
020 _a9788498011708
035 _aUPN01000152750
049 _aI
050 4 _aPZ76.3
_bK7.7
100 1 _aKrings, Antoon,
_d1962-
_930389
245 1 0 _aSaltamontes Sonsoles /
_cAntoon Krings ; tr. David Cáceres González.
260 _aBarcelona, Esp. :
_bBlume,
_c2006.
300 _a[24] p. :
_bil. col.
440 0 _aBichitos curiosos ;
_v16
534 _pTítulo original:
_tAdéle la sauterelle
650 0 _aAnimales
_vCuentos y leyendas
_9234
650 4 _aLibros y lectura para niños
_92290
905 _aLibro
999 _c124873
_d124873